00685nam a2200205Ia 4500082001200000100002700012245007500039260003100114300001000145650002500155650003700180650002100217650003000238650003900268650004100307650004200348650003600390650003400426710001900460 aTT.0107 aTheempalangatt, Joseph 0aRole of missionaries in the emancipation of women in India (1813-1857) c1991bJamia Millia Islamia a491p. aJamia Millia Islamia aWOMEN LIBERATION//WOMEN'S RIGHTS aMISSIONS - INDIA aFEMINISM///WOMEN'S RIGHTS aWOMEN'S RIGHTS - INDIA - 1813-1857 aWOMEN - EMANCIPATION//WOMEN'S RIGHTS aEMANCIPATION OF WOMEN//WOMEN'S RIGHTS aRIGHTS OF WOMEN//WOMEN'S RIGHTS aHUMAN RIGHTS///WOMEN'S RIGHTS aAshraf, Mujeeb